00313 a2200133 450000100060000002000180000604000240002410000260004824000320007424500270010630000060013336200090013965000310014846553 a9788562832215 cAnchieta - Aquarius aGouveia, Luis Augusto10aTudo igual e diferentelpor10aTudo igual e diferente a 0 a2013 4aLiteratura infanto-juvenil